Дрижить підземний гук: спогади з 1930 і 1931 років у Галичині (Запис № 307360)

МАРК-запис
000 -LEADER
fixed length control field 00737nam a22002537a 4500
001 - CONTROL NUMBER
control field 21167
003 - CONTROL NUMBER IDENTIFIER
control field UA-OsUOA
005 - DATE AND TIME OF LATEST TRANSACTION
control field 20210509195446.0
007 - PHYSICAL DESCRIPTION FIXED FIELD--GENERAL INFORMATION
fixed length control field ta
008 - FIXED-LENGTH DATA ELEMENTS--GENERAL INFORMATION
fixed length control field 20031120b un ||||| |||| 00| 0 ukr d
040 ## - CATALOGING SOURCE
Original cataloging agency UA-OsUOA
Language of cataloging ukr
Transcribing agency UA-OsUOA
Modifying agency UA-OsUOA
041 ## - LANGUAGE CODE
Language code of text/sound track or separate title ukr
044 ## - COUNTRY OF PUBLISHING/PRODUCING ENTITY CODE
MARC country code UA
080 ## - UNIVERSAL DECIMAL CLASSIFICATION NUMBER
Universal Decimal Classification number 94 (477).094
090 ## - LOCALLY ASSIGNED LC-TYPE CALL NUMBER (OCLC); LOCAL CALL NUMBER (OCLC)
Classification number (OCLC) (R) ; Classification number, CALL (RLIN) (NR) 94 (477).094
Local cutter number (OCLC) ; Book number/undivided call number, CALL (RLIN) К53
100 ## - MAIN ENTRY--PERSONAL NAME
Personal name Книш З.
245 ## - TITLE STATEMENT
Title Дрижить підземний гук: спогади з 1930 і 1931 років у Галичині
Remainder of title до 25-ліття ОУН
260 ## - PUBLICATION, DISTRIBUTION, ETC. (IMPRINT)
Place of publication, distribution, etc Вінніпег
Date of publication, distribution, etc 1953
300 ## - PHYSICAL DESCRIPTION
Extent 338 с.
Other physical details Ілюстрації
650 #7 - SUBJECT ADDED ENTRY--TOPICAL TERM
Source of heading or term UDC
942 ## - ADDED ENTRY ELEMENTS (KOHA)
Koha item type Книги
Source of classification or shelving scheme Universal Decimal Classification
955 ## - COPY-LEVEL INFORMATION (RLIN)
Classification number, CCAL (RLIN) інше
Фонди
Withdrawn status Lost status Source of classification or shelving scheme Damaged status Not for loan Home library Current library Date acquired Cost, normal purchase price Inventory number Total Checkouts Full call number Barcode Date last seen Price effective from Koha item type Collection code Source of acquisition
Withdrawn   Universal Decimal Classification     АБ - Абонемент НБ АБ - Абонемент НБ 20/11/2003 12.00 51064   94 (477).094 К53 51064 13/07/2019 20/11/2003 Книги    
Withdrawn   Universal Decimal Classification     АБ - Абонемент НБ АБ - Абонемент НБ 20/11/2003 7.39 52140   94 (477).094 К53 52140 13/07/2019 20/11/2003 Книги    
Withdrawn   Universal Decimal Classification     АБ - Абонемент НБ АБ - Абонемент НБ 20/11/2003   53166   94 (477).094 К53 53166 13/07/2019 20/11/2003 Книги    
    Universal Decimal Classification     АБ - Абонемент НБ АБ - Абонемент НБ 18/06/2012 5.00 139465   94 (477).078 К53 139465 06/02/2022 18/06/2012 Книги Колекція бібліотеки інституту Св. Івана 48/2012
Withdrawn   Universal Decimal Classification     АБ - Абонемент НБ АБ - Абонемент НБ 23/07/2015   51063   94 (477).078 К53 51063 13/07/2019 18/06/2012 Книги Колекція Зваруна Івана  
    Universal Decimal Classification     Наукова бібліотека ІДУД Наукова бібліотека ІДУД 04/06/2015 1.00 2137987   82-94 К53 2137987 15/09/2019 04/06/2015 Книги   323/2015
    Universal Decimal Classification     Наукова бібліотека ІДУД Наукова бібліотека ІДУД 12/06/2008 1.00 2128873   82-94 К53 2128873 15/09/2019 12/06/2008 Книги   109/2007
    Universal Decimal Classification     Наукова бібліотека ІДУД Наукова бібліотека ІДУД 12/06/2008 1.00 2128874   82-94 К53 2128874 15/09/2019 12/06/2008 Книги   109/2007
    Universal Decimal Classification     ЧЗ - Читальна зала ЧЗ - Читальна зала 09/02/2005 7.39 80355   94 (477).094 К53 80355 07/02/2022 20/11/2003 Книги